Loading...
| Science - Chemistry | 0 | 5 | 0 | 0 | 50 | 90 | 109.40 | 1 | 5 |
| History - European History | 1 | 3 | 0 | 1 | 45 | 66 | 92.25 | 4 | 4 |
| History - Other History | 2 | 1 | 0 | 0 | 40 | 29 | 58.33 | 3 | 3 |
| History - World History | 1 | 2 | 0 | 0 | 35 | 50 | 65.00 | 3 | 3 |
| Fine Arts - Visual Fine Arts | 0 | 3 | 1 | 0 | 25 | 98 | 126.67 | 2 | 3 |
| Fine Arts - Other Fine Arts | 0 | 2 | 0 | 0 | 20 | 83 | 109.00 | 1 | 2 |
| Geography | 0 | 2 | 0 | 0 | 20 | 79 | 90.00 | 0 | 2 |
| Literature - American Literature | 0 | 2 | 0 | 0 | 20 | 114 | 124.00 | 1 | 2 |
| Social Science | 1 | 1 | 1 | 0 | 20 | 69 | 93.50 | 1 | 2 |
| Literature - World Literature | 0 | 2 | 0 | 0 | 20 | 113 | 121.00 | 1 | 2 |
| Mythology | 0 | 2 | 1 | 0 | 15 | 82 | 107.00 | 2 | 2 |
| Science - Other Science | 0 | 2 | 1 | 1 | 15 | 115 | 116.50 | 0 | 2 |
| Social Science- Edited | 0 | 1 | 0 | 1 | 10 | 116 | 116.00 | 0 | 1 |
| Mythology- Edited | 0 | 1 | 0 | 0 | 10 | 86 | 86.00 | 1 | 1 |
| Pop Culture | 0 | 1 | 0 | 0 | 10 | 97 | 97.00 | 0 | 1 |
| Religion- Edited | 0 | 1 | 0 | 0 | 10 | 87 | 87.00 | 1 | 1 |
| Science - Physics | 0 | 1 | 0 | 1 | 10 | 133 | 133.00 | 0 | 1 |
| Science - Biology | 0 | 1 | 1 | 0 | 5 | 69 | 69.00 | 1 | 1 |
| Philosophy | 0 | 1 | 1 | 0 | 5 | 111 | 111.00 | 0 | 1 |
| Fine Arts - Auditory Fine Arts | 0 | 1 | 1 | 0 | 5 | 131 | 131.00 | 0 | 1 |
| Literature - British Literature | 0 | 1 | 1 | 0 | 5 | 103 | 103.00 | 0 | 1 |
| Literature - European Literature | 0 | 0 | 0 | 0 | 0 | 0.00 | 0 | 0 | |
| Religion | 0 | 0 | 2 | 0 | -10 | 0.00 | 0 | 0 |